|
|
|
|
| LEADER |
00000cam a2200000 a 4500 |
| 001 |
vtls001068287 |
| 003 |
SK-MaSNL |
| 005 |
20260302030549.0 |
| 008 |
240226s1991 xo l fr 100 0 slo |
| 015 |
|
|
|a SNBA1992/07
|
| 020 |
|
|
|a 8023000985
|q (brožované)
|
| 035 |
|
|
|a SNK000011117
|
| 035 |
|
|
|a 6D866461-1E49-42B7-BF4B-54D6CCAE11B8
|
| 035 |
|
|
|a urn:nbn:sk:snk-am00iet1
|
| 040 |
|
|
|a SNK
|b slo
|c SNK
|e AACR2
|
| 041 |
0 |
|
|a slo
|
| 044 |
|
|
|a xo
|c SK
|
| 072 |
|
7 |
|a 330.5338
|x Národné hospodárstvo a hospodárska politika
|2 konspekt
|
| 080 |
|
|
|a 339.025.88:347.232
|2 1997
|
| 080 |
|
|
|a 347.232
|2 1997
|
| 080 |
|
|
|a 658.114
|2 1997
|
| 080 |
|
|
|a 33.025.28
|2 2011
|
| 080 |
|
|
|a 334.75
|2 2011
|
| 080 |
|
|
|a 347.232.1
|2 2011
|
| 080 |
|
|
|a 338
|2 2011
|
| 080 |
|
|
|a (082)
|2 2011
|
| 245 |
0 |
0 |
|a Veľká privatizácia a privatizačné projekty
|b seminár : 21. marca 1991 : Banská Bystrica
|
| 250 |
|
|
|a 1. vyd.
|
| 260 |
|
|
|a Banská Bystrica
|b Dom techniky ZSVTS
|c 1991
|e Banská Bystrica
|f Dom techniky ZSVTS
|
| 300 |
|
|
|a 61 strán
|b tabuľky
|c 21 cm
|
| 366 |
|
|
|e 50 výtl.
|
| 500 |
|
|
|a Na obálke uvedený dátum konania seminára 18. apríla 1991
|
| 650 |
0 |
7 |
|a privatizácia
|2 SNKPH
|9 2343
|
| 650 |
0 |
7 |
|a vlastnícke transakcie
|2 SNKPH
|9 86234
|
| 650 |
0 |
7 |
|a majetkové reštitúcie
|2 SNKPH
|9 1608
|
| 650 |
0 |
7 |
|a ekonomická transformácia
|2 SNKPH
|9 4367
|
| 655 |
|
7 |
|a zborníky
|2 SNKPH
|9 70165
|
| 852 |
|
|
|a Slovenská národná knižnica
|
| 919 |
|
|
|a 80-230-0098-5
|
| 954 |
|
|
|a odborná, vedecká literatúra pôvodná (slovenská)
|2 lita
|
| 958 |
|
|
|a RM
|
| 958 |
|
|
|a OND
|
| 958 |
|
|
|a EUIPO
|
| 999 |
|
|
|c 1047995
|d 1049925
|
| 952 |
|
|
|t P60, <04>, [BOOK], {604}
|a SNK
|b SNK
|y VYP
|7 0
|p 17A0105761
|o snkSC 81778 D1
|0 0
|1 0
|4 0
|d 1997-10-29
|l 0
|r 2004-12-31 00:00:00
|w 2026-02-24
|
| 952 |
|
|
|a SNK
|b SNK
|y PREZ
|7 0
|p 17A0983200
|o snkSC 81778
|i snkKSP 4597/92
|0 0
|1 0
|4 0
|d 2012-08-14
|f 1
|l 0
|r 2025-08-18 00:00:00
|w 2026-02-24
|